| 000 | 02742nam0a22003371 4500 | ||
|---|---|---|---|
| 001 | rc\488715 | ||
| 005 | 20250621103704.0 | ||
| 035 | _a(NLR Aleph) 005730868 | ||
| 090 |
_a7577482 _c7577482 |
||
| 100 | _a20030616d1987 |||y0rusy50 ca | ||
| 101 | 0 | _arus | |
| 102 | _aRU | ||
| 105 | _ay ||||||||| | ||
| 200 | 1 |
_aВерность долгу (1917-1987) _eРассказы о чекистах _e[Посвящается 70-летию органов ВЧК-КГВ _fСост. Ю.А. Гуртовой _gВступ. ст. ген.-майора С.С. Лапина] |
|
| 210 |
_aИркутск _cВост.-Сиб. кн. изд-во _d1987 |
||
| 215 |
_a304 с. _d20 |
||
| 327 | 0 | _aСодерж.: Разведчик Центросибири; Они были первыми; Конец роговской организации / Г. Белоусов, Г. Гудков; Дела давно минувших дней / А. Шастин; Жатва черного посева / В. Имшенецкий; Финал / А. Шастин; В сороковые огневые / Л. Огневский; По следам утеряных нитей / А. Семенов; Невидимый бой / Г. Машкин и др. | |
| 464 | 0 |
_12001#$aРазведчик Центросибири _1700#1$aБелоусов$bГ. _1701#1$aГудков$bГ. _tРазведчик Центросибири _aБелоусов, Г. |
|
| 464 | 0 |
_12001#$aОни были первыми _1700#1$aБелоусов$bГ. _1701#1$aГудков$bГ. _tОни были первыми _aБелоусов, Г. |
|
| 464 | 0 |
_12001#$aКонец роговской организации _1700#1$aБелоусов$bГ. _1701#1$aГудков$bГ. _tКонец роговской организации _aБелоусов, Г. |
|
| 464 | 0 |
_12001#$aДела давно минувших дней _1700#1$aШастин$bА. _tДела давно минувших дней _aШастин, А. |
|
| 464 | 0 |
_12001#$aЖатва черного посева _1700#1$aИмшенецкий$bВ. _tЖатва черного посева _aИмшенецкий, В. |
|
| 464 | 0 |
_12001#$aФинал _1700#1$aШастин$bА. _tФинал _aШастин, А. |
|
| 464 | 0 |
_12001#$aВ сороковые огневые _1700#1$aОгневский$bЛ. _tВ сороковые огневые _aОгневский, Л. |
|
| 464 | 0 |
_12001#$aПо следам утеряных нитей _1700#1$aСеменов$bА. _tПо следам утеряных нитей _aСеменов, А. |
|
| 464 | 0 |
_12001#$aНевидимый бой _1700#1$aМашкин$bГ. _tНевидимый бой _aМашкин, Г. |
|
| 801 | 0 |
_aRU _bNLR _gpsbo |
|
| 801 | 1 |
_aRU _bELAR _2rusmarc |
|
| 852 |
_aNLR _j87-3/10293 |
||
| 942 | _cBOOK | ||
| 980 | _aNB | ||